Hidden prey (Бичлэгийн дугаар. 145433)
| 000 -УДИРДЛАГА | |
|---|---|
| Удирдлага | 00639nam a22002537a 4500 |
| 003 - ХЯНАЛТЫН ТОО ТОДОРХОЙЛОГЧ | |
| Код | MN-UlNUM |
| 005 - БИЧИЛТ ХИЙСЭН ОГНОО | |
| Тухайн бичилтийг бичсэн засварласан сүүлийн огноо | 20251110110610.0 |
| 008 - ЕРӨНХИЙ МЭДЭЭЛЭЛ | |
| Ерөнхий мэдээлэл | 251107s2004 nyu||||| |||| 001 0 eng d |
| 020 ## - ISBN | |
| ISBN | 039915180X |
| 040 ## - БИЧЛЭГ ҮҮСГЭГЧ БАЙГУУЛЛАГА | |
| Бичлэг үүсгэгч номын сангийн код | МУИС-ийн номын сан |
| 084 ## - ББК АНГИЛАЛ | |
| Нэмэлт тусгалт | Уран зохиол |
| ББК ангилал | 84(7)-44 |
| Зохиогчийн гурван тэмдэгт | S 20 |
| Мэдлэгийн ялгаа | 84 - Уран зохиол |
| 100 1# - ЗОХИОГЧ | |
| Зохиогчийн нэр | Sandford, John, |
| Зохиогчийн огноо | 1944 February 23- |
| 245 10 - ҮНДСЭН ГАРЧИГ | |
| Номын нэр | Hidden prey |
| Оролцогчдын тухай мэдээ | John Sandford. |
| 260 ## - ГАРАЛТЫН МЭДЭЭ | |
| Хэвлэгдсэн газар | New York : |
| Хэвлэлийн газар | Putnam, |
| Хэвлэгдсэн он | 2004. |
| 300 ## - МАТЕРИАЛЫН ТОДОРХОЙЛОЛТ | |
| хуудасны тоо | 393 p. ; |
| Хэмжээ | 24 cm. |
| 500 ## - Тайлбар | |
| Дансны дугаар | БС 2018 |
| 546 ## - ХЭЛНИЙ ТУХАЙ МЭДЭЭ | |
| Хэл | Англи хэл дээр, |
| 653 ## - Түлхүүр үг | |
| Түлхүүр үг | private investigators |
| 653 ## - Түлхүүр үг | |
| Түлхүүр үг | minnesota |
| 653 ## - Түлхүүр үг | |
| Түлхүүр үг | minneapolis |
| 653 ## - Түлхүүр үг | |
| Түлхүүр үг | fiction. |
| 942 ## - ЭЛЕМЕНТИЙН ТӨРӨЛ | |
| Зүйлийн төрөл | Ном |
